[Event "Cutro op-B 13th"]
[Site "Cutro"]
[Date "2007.05.01"]
[Round "9"]
[White "Scerra, Ezio"]
[Black "Calomeni, Francesca"]
[Result "1-0"]
[WhiteElo "1398"]
[BlackElo "1356"]
[PlyCount "127"]
[EventDate "2007.04.23"]
[EventType "swiss"]
[EventRounds "9"]
[EventCountry "ITA"]
[SourceTitle "EXT 2008"]
[Source "ChessBase"]
[SourceDate "2007.11.25"]
[SourceVersion "1"]
[SourceVersionDate "2007.11.25"]
[SourceQuality "1"]

1. c4 Nf6 2. Nf3 Nc6 3. e3 e5 4. d3 Bb4+ 5. Bd2 d5 6. cxd5 Nxd5 7. a3 Be7 8. e4 Nf6 9. Be2 0-0 10. Bc3 Bd6 11. Nbd2 Re8 12. Ng5 h6 13. Nxf7 Qd7 14. Bh5 Nxh5 15. Nxd6 Qxd6 16. Qxh5 Bd7 17. 0-0-0 Nd4 18. Bb4 Qc6+ 19. Bc3 Qa4 20. Bxd4 exd4 21. Qc5 b6 22. Qc4+ Re6 23. Qxa4 Bxa4 24. Rde1 Rc6+ 25. Kb1 Re8 26. Rc1 Ree6 27. Nf3 Rcd6 28. Rxc7 Rf6 29. e5 Rc6 30. Nxd4 Rxc7 31. exf6 gxf6 32. Re1 Kf7 33. b3 Bc6 34. Ne6 Rd7 35. Nf4 Bd5 36. Kc2 Rc7+ 37. Kb2 Rd7 38. g3 a5 39. Rc1 b5 40. Rc5 Bc4 41. bxc4 bxc4 42. Rxc4 Rb7+ 43. Ka2 Ke7 44. Nd5+ Ke6 45. Rc7 Rb5 46. Nf4+ Kd6 47. Rc4 Rd5 48. Nxd5 Kxd5 49. Kb3 f5 50. f4 Ke6 51. Rc6+ Kd5 52. Rxh6 Kd4 53. Kc2 Ke3 54. a4 Kf2 55. Re6 Kg2 56. Re2+ Kh1 57. Kd2 Kg1 58. h3 Kf1 59. Ke3 Kg1 60. g4 fxg4 61. hxg4 Kf1 62. Kf3 Kg1 63. Ra2 Kf1 64. Ra1# 1-0

[Event "Praia op 1st"]
[Site "Praia a Mare"]
[Date "2007.04.07"]
[Round "5"]
[White "Calomeni, Francesca"]
[Black "Paragliola, Gennaro"]
[Result "1-0"]
[WhiteElo "1356"]
[BlackElo "1451"]
[PlyCount "53"]
[EventDate "2007.04.05"]
[EventType "swiss"]
[EventRounds "5"]
[EventCountry "ITA"]
[SourceTitle "EXT 2023"]
[Source "ChessBase"]
[SourceDate "2022.10.05"]
[SourceVersion "1"]
[SourceVersionDate "2022.10.05"]
[SourceQuality "1"]

1. e4 d6 2. Nc3 e5 3. d3 g6 4. Nf3 Bg7 5. Be3 f5 6. exf5 Bxf5 7. Be2 Nf6 8. 0-0 Nc6 9. Qd2 Qe7 10. d4 exd4 11. Bxd4 0-0-0 12. Rfe1 Nxd4 13. Nxd4 Qd7 14. Ncb5 a6 15. Na7+ Kb8 16. Nac6+ bxc6 17. Qb4+ Ka7 18. Qa4 Ra8 19. Qxa6+ Kb8 20. Nxc6+ Qxc6 21. Qxc6 Be4 22. Qb5+ Kc8 23. Bd3 Bb7 24. Re7 Bh6 25. Rae1 Ba6 26. Qc6 Bb7 27. Qd7+ 1-0

[Event "Praia op 1st"]
[Site "Praia a Mare"]
[Date "2007.04.07"]
[Round "4"]
[White "Mercuri, Delia"]
[Black "Calomeni, Francesca"]
[Result "1-0"]
[WhiteElo "1415"]
[BlackElo "1356"]
[PlyCount "65"]
[EventDate "2007.04.05"]
[EventType "swiss"]
[EventRounds "5"]
[EventCountry "ITA"]
[SourceTitle "EXT 2023"]
[Source "ChessBase"]
[SourceDate "2022.10.05"]
[SourceVersion "1"]
[SourceVersionDate "2022.10.05"]
[SourceQuality "1"]

1. e4 e5 2. Nf3 Nc6 3. Bc4 Nf6 4. Nc3 Bb4 5. d3 0-0 6. 0-0 d6 7. h3 h6 8. a3 Bxc3 9. bxc3 d5 10. Bxd5 Nxd5 11. exd5 Qxd5 12. c4 Qd8 13. Bb2 Re8 14. Re1 f6 15. Qd2 Bf5 16. Qc3 Qd6 17. Rad1 Rad8 18. Nd2 e4 19. dxe4 Bxe4 20. Nxe4 Qe5 21. Qb3 Qe6 22. Nc3 Qxe1+ 23. Rxe1 Rxe1+ 24. Kh2 Kh7 25. Nd5 b6 26. Bc3 Re2 27. f3 Ne5 28. Bxe5 fxe5 29. Qd3+ e4 30. Qxe2 Re8 31. fxe4 Rd8 32. e5 Kg8 33. e6 1-0

[Event "Cutro op-B 12th"]
[Site "Cutro"]
[Date "2006.04.30"]
[Round "8"]
[White "Calomeni, Francesca"]
[Black "Policastrese, Salvatore"]
[Result "0-1"]
[WhiteElo "1440"]
[BlackElo "1440"]
[PlyCount "56"]
[EventDate "2006.04.23"]
[EventType "swiss"]
[EventRounds "9"]
[EventCountry "ITA"]
[SourceTitle "EXT 2007"]
[Source "ChessBase"]
[SourceDate "2006.11.23"]
[SourceVersion "1"]
[SourceVersionDate "2006.11.23"]
[SourceQuality "1"]

1. e4 e5 2. Nc3 Nf6 3. Nf3 Nc6 4. d4 exd4 5. Nxd4 Nxd4 6. Qxd4 Be7 7. Bd3 d6 8. 0-0 0-0 9. Bf4 Re8 10. Rfe1 b6 11. Nd5 Nxd5 12. exd5 Bf6 13. Qb4 Bb7 14. Bc4 Bg5 15. Qd2 Bf6 16. Re2 Rxe2 17. Qxe2 Bxb2 18. Re1 Bc3 19. Bd2 Bxd2 20. Qxd2 Qf6 21. c3 c6 22. dxc6 Bxc6 23. Qe3 h6 24. Bd3 Qh4 25. h3 Qa4 26. Qe7 Re8 27. Qe2 Rxe2 28. Rxe2 Qd1+ 0-1